000 00785nam a2200193 i 4500
001 104165
003 ES-MaACL
005 20240302062939.0
007 t|
008 051124s1966 sp ||||1| spa d
100 0 _aMichelangelo,
_d1475-1564
_980912
245 1 0 _aSonetos de Miguel Angel y sonetos a Italia de Guillermo Belmonte Müler /
_crecopilación y notas biográficas de Vicente Ortí Belmonte.
260 _aCórdoba :
_bReal Academia de Córdoba de Ciencias, Bellas Artes y Nobles Artes,
_c1966.
300 _a100 p., 2 h. con 4 lám. :
_bil. ;
_c25 cm.
700 1 _aOrtí Belmonte, Vicente.
_987528
710 2 _aReal Academia de Córdoba de Ciencias, Bellas Letras y Nobles Artes.
_96302
852 _aES-MaACL
_jC-30827
_bR.70066
999 _c104165
_d104165